Muestreo preliminar de los escarabajos copronecrófilos (<coleóptera-Scarabaeidae>) de las selvas de la fragua cuenca baja río Cajambre (<Valle>) (Registro nro. 15055)

Detalles MARC
000 -CABECERA
Campo de control 004010000a22001090004500
090 ## - CLASIFICACIÓN LOCAL
Colección AS
Consecutivo Seriadas
041 0# - IDIOMA
Código de idioma para texto/pista de sonido o título separado
100 1# - ASIENTO PRINCIPAL--NOMBRE PERSONAL
Nombre personal Pardo Locarno, Luis Carlos
245 10 - MENCION DE TITULO
Título Muestreo preliminar de los escarabajos copronecrófilos (<coleóptera-Scarabaeidae>) de las selvas de la fragua cuenca baja río Cajambre (<Valle>)
773 1# - Item fuente:
Título Cespedesia
Especificación de materiales 124
Descripción física 69
Paginas del Articulo 59-80
Lugar, editorial y fecha de publicación 1997
Información sobre la relación 22
942 ## - ELEMENTOS ADICIONALES (KOHA)
Tipo de ítem Artículo

No hay ítems disponibles.